000
00244nam a2200097Ia 4500
005
20251222114354.0
008
251222s1900||||xx |||||||||||||| ||spa||
082
_a
DVD0090/J73G/2002
245
0
_a
Genios de la pintura Italiana: Giotto:
942
_c
DVD
999
_c
1343
_d
1343